000 00681nam a22002417a 4500
005 20170124110000.0
010 _aA-794405
020 _c150.00
035 _aA-794405
037 _bCen Lib/Ret
040 _aDPL
_bEN
082 _a363.3
_bGOY
100 _aGoyal, Vikram Chandra
_915451
245 _aPower of ethical policing /
_cby Vikram Chandra Goel
250 _a2nd ed.
260 _aAllahabad
_bKitab Mahal
_c1995
270 _a84 KP, Kakar Road
_bAllahabad
_e211003
300 _avi, 132p.
_c20cm(Hb)
500 _aIncludes appendix
650 _aLegal Policing
_915452
650 _aControl crime
_915453
942 _2ddc
_cEN
_h363.3
_mGOY
999 _c125772
_d125772